Gaming characters - Statistics

General Stats
  • This quiz has been taken 1,524 times
  • The average score is 4 of 6
Answer Stats
Question Answer % Correct
Who is the main character in the Halo series Master Chief
95%
Who is the girl you are travelling with in the Last of Us Ellie
89%
In Pokémon Red and Blue what is the name of the professor who gives you your first Pokémon Oak
77%
What is the robot’s name in Doom 2016 who betrays you Samuel Hayden
40%
Who do you fight in the final battle in Doom Eternal Icon of Sin
38%
What is the name of the vendor on Mars in Destiny 2 Ana Bray
13%
No matching quizzes found
Score Distribution
Percent of People with Each Score
Percentile by Number Answered
Your Score History
You have not taken this quiz